000 00439nam a2200181Ia 4500
001 24236
005 20260414151030.0
008 260414t2017||||xx |||||||||||||| ||spa||
041 _aESP
082 _a345.2
_bA49
100 _aÁlvarez Dueñas, Pedro
_eAUT
245 0 _aPráctica procesal penal :
_bnuevo modelo
260 _c2017
300 _a301 páginas
_c25 cm.
650 _aDER
654 _aCDE
942 _cLIB
_dJUS
_fJUS
_2ddc
_n
999 _c24236
_d24236